| 000 | 02206nam a2200265Ia 4500 | ||
|---|---|---|---|
| 003 | OSt | ||
| 005 | 20260106095444.0 | ||
| 008 | 210210b2018 xxu||||| |||| 00| 0 eng d | ||
| 020 | _a9781683670360 | ||
| 040 | _cAL | ||
| 041 | _aeng | ||
| 082 |
_a620.8 GLIM _223 |
||
| 100 |
_aBernard R Glick _9149481 |
||
| 245 |
_aMolecular biotechnology _b: principles and applications of recombinant DNA |
||
| 250 | _a5 | ||
| 260 |
_aWashington _bASM Press _c2018 |
||
| 300 | _axviii,740 | ||
| 520 | _aSince 1994, Molecular Biotechnology: Principles and Applications of Recombinant DNA has introduced students to the fast-changing world of molecular biotechnology. With each revision, the authors have extensively updated the book to keep pace with the many new techniques in gene isolation and amplification, nucleic acid synthesis and sequencing, gene editing, and their applications to biotechnology. In this edition, authors Bernard R. Glick and Cheryl L. Patten have continued that tradition, but have also overhauled the book's organization to, Detail fundamental molecular biology methods and recombinant protein engineering techniques, which provides students with a solid scientific basis for the rest of the book. Present the processes of molecular biotechnology and its successes in medicine, bioremediation, raw material production, biofuels, and agriculture. Examine the intersection of molecular biotechnology and society, including regulation, patents, and controversies around genetically modified products. Filled with engaging figures that strongly support the explanations in the text, Molecular Biotechnology: Principles and Applications of Recombinant DNA presents difficult scientific concepts and technically challenging methods in clear, crisp prose. This excellent textbook is ideal for undergraduate and graduate courses in introductory biotechnology, as well as, courses dedicated to medical, agricultural, environmental, and industrial biotechnology applications. | ||
| 650 |
_aRecombinant Proteins _9149482 |
||
| 650 |
_aMolecular Diagnostics _9149483 |
||
| 650 |
_aProtein Therapeutics _9149493 |
||
| 700 |
_aCheryl L Patten _9149491 |
||
| 906 | _a073052 | ||
| 942 |
_2ddc _cBK |
||
| 999 |
_c122832 _d122832 |
||